Five Largest Cities by Country Map Quiz - Statistics

General Stats
  • This quiz has been taken 840 times
  • The average score is 24 of 30
Answers on the Map
Answers color-coded by a green-red scale on the quiz's map according to % correct below.
 
Answer Stats
Answer % Correct
New York City
96%
Chicago
94%
Los Angeles
91%
San Francisco
91%
Washington DC
91%
Paris
89%
Brasília
85%
Cape Town
85%
Beijing
84%
Rio de Janeiro
83%
Sydney
83%
Nice
82%
Perth
82%
Johannesburg/Pretoria
81%
Lyon
80%
Toulouse
80%
Melbourne
79%
Marseille
78%
Adelaide
77%
Brisbane
76%
Shanghai
76%
Guangzhou
75%
São Paulo
73%
Fortaleza
71%
Hangzhou
68%
Chongqing
65%
Salvador
63%
East London
60%
Durban
59%
Port Elizabeth
58%
No matching quizzes found
Score Distribution
Percent of People with Each Score
Percentile by Number Answered
Your Score History
You have not taken this quiz